On the relationship between bayesian and non-Bayesian interval estimates.
Popis a vzájomné porovnanie dvoch metód konštrukcie intervalových odhadov. Približné určenie oblastí, v ktorých dávajú obe metódy identické výsledky.
Salvato in:
| Autore principale: | |
|---|---|
| Natura: | Capitolo di libro |
| Lingua: | inglese |
| Soggetti: | |
| Tags: |
Nessun Tag, puoi essere il primo ad aggiungerne!!
|
MARC
| LEADER | 00000naa a2200000 4500 | ||
|---|---|---|---|
| 001 | r005076 | ||
| 005 | 20221213085117.7 | ||
| 041 | 0 | |a eng | |
| 044 | |a GB | ||
| 245 | 1 | 0 | |a On the relationship between bayesian and non-Bayesian interval estimates. |c T.A. Severin |
| 520 | |a Popis a vzájomné porovnanie dvoch metód konštrukcie intervalových odhadov. Približné určenie oblastí, v ktorých dávajú obe metódy identické výsledky. | ||
| 610 | 2 | 0 | |a odhad štatistický |
| 610 | 2 | 0 | |a metódy matematicko-štatistické |
| 100 | 1 | |a Severin, T.A. | |